Network Programmability And Automation : (Record no. 6926)

MARC details
000 -LEADER
fixed length control field 00710nam a22002057a 4500
003 - CONTROL NUMBER IDENTIFIER
control field OSt
005 - DATE AND TIME OF LATEST TRANSACTION
control field 20210511115632.0
008 - FIXED-LENGTH DATA ELEMENTS--GENERAL INFORMATION
fixed length control field 210511b ||||| |||| 00| 0 eng d
020 ## - INTERNATIONAL STANDARD BOOK NUMBER
International Standard Book Number 9781491931257
040 ## - CATALOGING SOURCE
Transcribing agency DDC
082 ## - DEWEY DECIMAL CLASSIFICATION NUMBER
Classification number 005.13 EDE 2018
100 ## - MAIN ENTRY--PERSONAL NAME
Personal name Edelman, Jason; Lowe,Scott S. ;Oswalt, Matt
9 (RLIN) 14207
245 ## - TITLE STATEMENT
Title Network Programmability And Automation :
Remainder of title Skills For The Next-Generation Network Engineer
260 ## - PUBLICATION, DISTRIBUTION, ETC. (IMPRINT)
Place of publication, distribution, etc. Sebastopol, CA :
Name of publisher, distributor, etc. O'Reilly Media, Inc,
Date of publication, distribution, etc. 2018
300 ## - PHYSICAL DESCRIPTION
Extent xx, 559 pages :
Other physical details illustrations ;
Dimensions 24 cm
504 ## - BIBLIOGRAPHY, ETC. NOTE
Bibliography, etc Includes index.
650 ## - SUBJECT ADDED ENTRY--TOPICAL TERM
Topical term or geographic name as entry element Computer networks -- Administration
9 (RLIN) 14208
650 ## - SUBJECT ADDED ENTRY--TOPICAL TERM
Topical term or geographic name as entry element Scripting languages (Computer science)
9 (RLIN) 14209
942 ## - ADDED ENTRY ELEMENTS (KOHA)
Source of classification or shelving scheme Dewey Decimal Classification
Koha item type Book
Holdings
Withdrawn status Lost status Source of classification or shelving scheme Damaged status Not for loan Home library Current library Date acquired Source of acquisition Inventory number Total Checkouts Full call number Barcode Date last seen Price effective from Koha item type Public note
    Dewey Decimal Classification     MUST Main Library MUST Main Library 11/05/2021 Purchase 21/41393   005.13 EDE 2018 2021-0508 11/05/2021 11/05/2021 Book Material in Hard copy